000 00503nam a2200169Ia 4500
003 GCL
008 140319s9999 xx 000 0 ara d
040 _aGCL /
_cGCL
082 0 4 _a818
_bح د
100 1 _aحنا نمر
245 1 0 _aدراسات فى الادب و الفن /
_cحنا نمر
260 _a[S.N] :
_bالمؤسسة الجامعية للدراسات والنشر والتوزيع ،
_c1982
300 _a286 ص
490 _a
650 0 4 _aالادب العربى
942 _2ddc
_cBK
999 _c40273
_d40273